House of the Dragon Characters - Statistics

General Stats
  • This quiz has been taken 825 times
  • The average score is 22 of 32
Answer Stats
Picture Answer % Correct
Alicent Hightower
96%
Daemon Targaryen
96%
Aegon Targaryen
95%
Viserys Targaryen
95%
Aemond Targaryen
94%
Otto Hightower
93%
Rhaenyra Targaryen
93%
Rhaenys Targaryen
91%
Corlys Velaryon
82%
Criston Cole
82%
Larys Strong
80%
Vhagar
77%
Baela Targaryen
76%
Caraxes
76%
Helaena Targaryen
76%
Rhaena Targaryen
72%
Syrax
72%
Lucerys Velaryon
70%
Sunfyre
66%
Jacaerys Velaryon
62%
Mysaria
61%
Meleys
60%
Arrax
59%
Lyonel Strong
59%
Dreamfyre
57%
Vermax
57%
Seasmoke
55%
Arryk Cargyll
27%
Erryk Cargyll
27%
Harrold Westerling
22%
Pink Dread
21%
Harwin Hightower
15%
No matching quizzes found
Score Distribution
Percent of People with Each Score
Percentile by Number Answered
Your Score History
You have not taken this quiz